Responses for Show #8381 - Monday, April 19, 2021

First game with Anderson Cooper as guest host.
Champion's winnings & consolation amounts matched to Hospital Albert Schweitzer in Haiti.

Contestants

[<< previous game]

Mike Nelson, an actor originally from Chesterton, Indiana

Donna Vorreyer, a writer and retired teacher from Willowbrook, Illinois

Patrick Hume, a project manager originally from Stoneham, Massachusetts (whose 3-day cash winnings total $60,500)

[next game >>]

Jeopardy! Round responses

MIXIN' WITH NIXON
SCI-FI MOVIE BY QUOTE
MODERN KITCHEN APPLIANCES
SELF-HELP YOURSELF
10-LETTER WORDS
"M.C."
    $200 11
Kissinger

Patrick
    $200 1
2001: A Space Odyssey

Mike
    $200 21
air fryer

Patrick
    $200 16
7

Donna
    $200 26
to accelerate

Donna
    $200 2
multiple choice

Donna
    $400 12
(Diane) Sawyer

Mike
    $400 3
Avatar

Donna
    $400 22
infrared

Triple Stumper
    $400 17
reward

Patrick
    $400 27
centennial

Donna
    $400 7
motorcycle club

Mike
    $600 13
Checkers (the dog)

Mike
    $600 4
Her

Mike
    $600 23
a kegerator

Patrick
    $600 18
the wrong tree

Donna
    $600 28
moonstruck

Donna
    $600 8
(Anderson: No relation.)
[Laughter]

a Mini Cooper

Mike
    $800 14
(Hubert H.) Humphrey

Mike
    $800 5
(Mike: Um, I've always wanted to say this and no deference to you, but let's make it a True Daily Double, Alex.)
(Anderson: Nice, well said.)
...
(Anderson: It was spoken to Charlton Heston.)

Planet of the Apes

Mike
    $800 24
(Donna: What is Vitamix?)
(Mike: What is Cuisinart?)

KitchenAid

PatrickDonnaMike
    $800 19
The Secret

Mike
    $800 29
hallelujah

Donna
    $800 9
a marriage certificate

Donna
    $1000 15
Rehnquist

Mike
    $1000 6
The Day the Earth Stood Still

Mike
    $1000 25
sous vide

Donna
    $1000 20
(Elizabeth) Gilbert

Donna
    $1000 30
(Mike: What is a stalagtite?)
(Donna: What is a stalagmite?)

a stalactite

PatrickDonnaMike
    $1000 10
Military Cross

Triple Stumper

Scores at the first commercial break (after clue 15):

Patrick Donna Mike
$200 $1,400 $6,400

Scores at the end of the Jeopardy! Round:

Patrick Donna Mike
$3,200 $4,400 $5,400

Double Jeopardy! Round responses

ANCIENT CITIES
FICTION
THE HUMAN BODY
WET WORDS
ORGANIZATIONS
EMCEE
    $400 6
Lima

Mike
    $400 1
Jack Ryan

Mike
    $400 12
the plexus

Donna
    $400 17
(Anderson: Darth Vorreyer strikes again.)
[Laughter]

humidity

Donna
    $400 30
cruelty to animals

Donna
    $400 7
the ESPYs

Donna
    $800 22
(Mike: Who is Mohammed?)

the Buddha

PatrickMike
    $800 2
(Donna: What is Jo's Boys?)

Little Men

PatrickDonna
    $800 13
a pupil

Mike
    $800 18
irrigation

Donna
    $800 26
Temperance

Mike
    $800 8
the Nobel Peace Prize

Mike
    $3,000 23
Iran

Patrick
    $1200 3
"It was a dark and stormy night"

Patrick
    $2,000 14
keratin

Mike
    $1200 19
steep

Donna
    $1200 27
Amnesty International

Triple Stumper
    $1200 9
(Anderson: Yes, seems everybody knows that.)
[Laughter]

David Hasselhoff

Donna
    $1600 24
Sparta

Triple Stumper
    $1600 4
a pig

Mike
    $1600 15
the tibia & the fibula

Mike
    $1600 20
a deluge

Mike
    $1600 28
World Vision International

Triple Stumper
    $1600 10
Eurovision

Donna
    $2000 25
Guatemala

Mike
    $2000 5
The Natural

Patrick
    $2000 16
the endocrine system

Mike
    $2000 21
the bilge

Patrick
    $2000 29
the American Heart Association

Donna
    $2000 11
Keke Palmer

Triple Stumper

Scores at the end of the Double Jeopardy! Round:

Patrick Donna Mike
$13,000 $12,000 $18,600

[wagering suggestions for these scores]

Final Jeopardy! Round responses

PAINTINGS
(Anderson: Masterpiece by Vincent van Gogh.)
DonnaWhat is The Banquet??
$6,601
PatrickWhat is Starry Night
$1,801
MikeWhat is Starry Night?
$8,000
Starry Night

Final scores:

Patrick Donna Mike
$14,801 $5,399 $26,600
2nd place: $2,000 3rd place: $1,000 New champion: $26,600

Game dynamics:

Coryat scores:

Patrick Donna Mike
$11,200 $12,000 $17,800
12 R
(including 1 DD),
0 W
20 R,
3 W
22 R
(including 2 DDs),
3 W

Combined Coryat: $41,000

[game clues] [game scores] [suggest correction]

Game tape date: 2021-02-23
The J! Archive is created by fans, for fans. Scraping, republication, monetization, and malicious use prohibited; this site may use cookies and collect identifying information. See terms. The Jeopardy! game show and all elements thereof, including but not limited to copyright and trademark thereto, are the property of Jeopardy Productions, Inc. and are protected under law. This website is not affiliated with, sponsored by, or operated by Jeopardy Productions, Inc. Join the discussion at JBoard.tv.